Rejected Daily Trivia #9 - Statistics

General Stats
  • This quiz has been taken 42 times
  • The average score is 5 of 10
Answer Stats
Question Answer % Correct
What is actor and former wrestler Dwayne Johnson's famous moniker? The Rock
93%
In the world of Game of Thrones, what is ser Sandor Clegane better known as? The Mountain
75%
Which of these is the name of an American rock band? Stone Temple Pilots
68%
Which of these islands is the largest in area? Iceland
54%
Which of these countries' flags does not contain red, green AND yellow? Egypt
46%
The ancient Egyptian sun god Ra had the head of which animal? Falcon
46%
Which of these languages is NOT Germanic? Latvian
43%
Which city has the world's longest metro system? Shanghai
43%
What is Baháʼí? A religion originating in Iran
36%
What does the word cajon refer to? A percussion instrument
21%
No matching quizzes found
Score Distribution
Percent of People with Each Score
Percentile by Number Answered
Your Score History
You have not taken this quiz